| 000 -LEADER |
| fixed length control field |
01508cam a2200313 a 4500 |
| 001 - CONTROL NUMBER |
| control field |
16296523 |
| 005 - DATE AND TIME OF LATEST TRANSACTION |
| control field |
20170124152809.0 |
| 008 - FIXED-LENGTH DATA ELEMENTS--GENERAL INFORMATION |
| fixed length control field |
100622s2010 ctu b 001 0 eng |
| 010 ## - LIBRARY OF CONGRESS CONTROL NUMBER |
| LC control number |
2010026290 |
| 020 ## - INTERNATIONAL STANDARD BOOK NUMBER |
| International Standard Book Number |
9780300163704 |
| 040 ## - CATALOGING SOURCE |
| Original cataloging agency |
DLC |
| Transcribing agency |
DLC |
| 050 00 - LIBRARY OF CONGRESS CALL NUMBER |
| Classification number |
NA2794 |
| Item number |
.S77 2010 |
| 245 04 - TITLE STATEMENT |
| Title |
The structure of light : |
| Remainder of title |
Richard Kelly and the illumination of modern architecture / |
| Statement of responsibility, etc. |
edited by Dietrich Neumann ; foreword by Robert A.M. Stern ; with contributions by Michelle Addington ... [et al.]. |
| 246 30 - VARYING FORM OF TITLE |
| Title proper/short title |
Richard Kelly and the illumination of modern architecture |
| 260 ## - PUBLICATION, DISTRIBUTION, ETC. (IMPRINT) |
| Place of publication, distribution, etc. |
New Haven : |
| Name of publisher, distributor, etc. |
Yale University Press in association with the Yale School of Architecture, |
| Date of publication, distribution, etc. |
2010. |
| 300 ## - PHYSICAL DESCRIPTION |
| Extent |
viii, 214 p. : |
| Other physical details |
ill. (some col.) ; |
| Dimensions |
28 cm. |
| 504 ## - BIBLIOGRAPHY, ETC. NOTE |
| Bibliography, etc |
Includes bibliographical references and index. |
| 600 10 - SUBJECT ADDED ENTRY--PERSONAL NAME |
| Personal name |
Kelly, Richard, |
| Dates associated with a name |
1910-1977 |
| General subdivision |
Criticism and interpretation. |
| 650 #0 - SUBJECT ADDED ENTRY--TOPICAL TERM |
| Topical term or geographic name as entry element |
Light in architecture. |
| 650 #0 - SUBJECT ADDED ENTRY--TOPICAL TERM |
| Topical term or geographic name as entry element |
Lighting, Architectural and decorative. |
| 650 #0 - SUBJECT ADDED ENTRY--TOPICAL TERM |
| Topical term or geographic name as entry element |
Architecture, Modern |
| Chronological subdivision |
20th century. |
| 700 1# - ADDED ENTRY--PERSONAL NAME |
| Personal name |
Kelly, Richard, |
| Dates associated with a name |
1910-1977. |
| 700 1# - ADDED ENTRY--PERSONAL NAME |
| Personal name |
Neumann, Dietrich. |
| 700 1# - ADDED ENTRY--PERSONAL NAME |
| Personal name |
Addington, D. Michelle. |
| 906 ## - LOCAL DATA ELEMENT F, LDF (RLIN) |
| a |
7 |
| b |
cbc |
| c |
orignew |
| d |
1 |
| e |
ecip |
| f |
20 |
| g |
y-gencatlg |
| 942 ## - ADDED ENTRY ELEMENTS (KOHA) |
| Source of classification or shelving scheme |
|
| Koha item type |
Hard Covered Materials |
| Classification part |
NA 27 94 .S77 2010 |